[Event "Katowice rapid op"]
[Site "Katowice"]
[Date "2025.06.02"]
[Round "5"]
[White "Kost, Lukasz"]
[Black "Piotrowska, Jadwiga"]
[Result "1-0"]
[WhiteElo "1610"]
[BlackElo "1416"]
[PlyCount "108"]
[EventDate "2025.05.31"]
[EventType "swiss"]
[EventRounds "11"]
[EventCountry "POL"]
[SourceTitle "CB24_2025"]
[SourceDate "2025.06.11"]
[SourceVersion "1"]
[SourceVersionDate "2025.06.11"]
[SourceQuality "1"]

1. d4 d5 2. Nf3 Nf6 3. g3 e6 4. Bg2 c5 5. c3 Nc6 6. Bg5 h6 7. Bxf6 Qxf6 8. 0-0 cxd4 9. cxd4 Bd6 10. Nc3 a6 11. Re1 Qe7 12. a3 0-0 13. b4 b5 14. Rc1 Bb7 15. e3 Rac8 16. Ne2 Na7 17. Qd2 Rc4 18. Bf1 Rfc8 19. Nc3 R4c7 20. Bd3 Qd7 21. h4 f6 22. Nh2 e5 23. dxe5 Bxe5 24. Na2 Rxc1 25. Rxc1 Rxc1+ 26. Qxc1 Qc6 27. Qb1 Nc8 28. Bh7+ Kf7 29. Qg6+ Ke6 30. Bg8+ Kd6 31. Qf7 Ne7 32. Nf3 d4 33. Qe6+ Kc7 34. Qxc6+ Bxc6 35. Nxe5 fxe5 36. exd4 exd4 37. Bh7 Nd5 38. Bd3 Nc3 39. Nxc3 dxc3 40. Kf1 Kd6 41. Ke2 Ke5 42. f4+ Kd4 43. Bc2 Be4 44. Kd1 Bf3+ 45. Kc1 Ke3 46. f5 Kd4 47. Bd1 Be4 48. Bc2 Bf3 49. Bd1 Be4 50. g4 Kc4 51. Bc2 Bf3 52. g5 hxg5 53. hxg5 Bd5 54. f6 gxf6 1-0

[Event "Katowice rapid op"]
[Site "Katowice"]
[Date "2025.05.31"]
[Round "8"]
[White "Giefert, Sara"]
[Black "Kost, Lukasz"]
[Result "1-0"]
[WhiteElo "1893"]
[BlackElo "1610"]
[PlyCount "75"]
[EventDate "2025.05.31"]
[EventType "swiss"]
[EventRounds "11"]
[EventCountry "POL"]
[SourceTitle "CB24_2025"]
[SourceDate "2025.06.11"]
[SourceVersion "1"]
[SourceVersionDate "2025.06.11"]
[SourceQuality "1"]

1. d4 d5 2. Bg5 h6 3. Bh4 g5 4. Bg3 f5 5. e3 Nf6 6. Bd3 Nc6 7. c3 e6 8. h4 g4 9. h5 Bd6 10. Bxd6 Qxd6 11. Ne2 Bd7 12. Nd2 0-0-0 13. b4 Ne4 14. Bxe4 fxe4 15. b5 Na5 16. Qa4 b6 17. Nb3 Nc4 18. Qxa7 Bxb5 19. a4 Bc6 20. a5 Kd7 21. axb6 Nxb6 22. Nc5+ Ke7 23. Qa2 Ra8 24. Qb1 Rxa1 25. Qxa1 Ra8 26. Qb1 Nc4 27. Nf4 Na3 28. Qc1 Bb5 29. Nfxe6 Bc4 30. Nf4 Qb6 31. Rh4 Nc2+ 32. Qxc2 Ra1+ 33. Kd2 Ra2 34. Rxg4 Rxc2+ 35. Kxc2 Qa5 36. Rg7+ Kd8 37. Nb7+ Kc8 38. Nxa5 1-0